Epirrhosis /
Guardado en:
| Autor Principal: | |
|---|---|
| Otros Autores: | , , |
| Formato: | Libro |
| Idioma: | German |
| Publicado: |
Berlin :
Duncker & Humblot,
1968
|
| Materias: | |
| Etiquetas: |
Agregar Etiqueta
Sin Etiquetas, Sea el primero en etiquetar este registro!
|
| LEADER | 00498nam a22001695a 4500 | ||
|---|---|---|---|
| 001 | DER.der002211 | ||
| 008 | 180615s1968####gw#||||||||||||||#||ger|| | ||
| 005 | 20210906110717.0 | ||
| 245 | 1 | 0 | |a Epirrhosis / |c Carl Schmitt , Hans Barion |
| 260 | |a Berlin : |b Duncker & Humblot, |c 1968 | ||
| 300 | |a 778 p. | ||
| 100 | 1 | |a Schmitt, Carl | |
| 700 | 1 | |a Barion, Hans | |
| 700 | 1 | |a Wolfang Böckenförde, Ernst | |
| 700 | 1 | |a Weber, Werner | |
| 650 | 7 | |a CIENCIA POLITICA |2 UNBIS | |
| 859 | |a DERECHO |b BIB. DERECHO |h 342.07 |i SCH |p 004341 | ||
